Совершенствование технических средств для разобщения пластов и изоляции межпластовых перетоков. Нефтенабухающие пакера; Современные проблемы гидрогеологии, инженерной геологии и гидрогеоэкологии Евразии
| Parent link: | Современные проблемы гидрогеологии, инженерной геологии и гидрогеоэкологии Евразии.— 2015.— [С. 656-660] |
|---|---|
| Prif Awdur: | |
| Awdur Corfforaethol: | |
| Awduron Eraill: | |
| Crynodeb: | Заглавие с титульного экрана Рассмотрена актуальная проблема ликвидации и изоляции заколонных перетоков. В качестве одного из современных технических решений предложено использование нефтенабухающих пакеров. В работе детально рассмотрена их конструкция и принцип действия, приведен опыт применения в различных условиях бурения. Сделаны выводы о перспективах использования данного технического средства. Actual problems of the liquidation and the insulation casing flows. As one of the modern technical solutions proposed to use oil-swelable packers . The paper discussed in detail their design and function, given the experience of use in various drilling conditions. The conclusions about the prospects for the use of this technology. |
| Iaith: | Rwseg |
| Cyhoeddwyd: |
2015
|
| Cyfres: | Проблемы и перспективы бурения инженерно-геологических, гидрогеологических и эксплуатационных скважин |
| Pynciau: | |
| Mynediad Ar-lein: | http://earchive.tpu.ru/handle/11683/18342 http://www.lib.tpu.ru/fulltext/c/2015/C109/123.pdf |
| Fformat: | Electronig Pennod Llyfr |
| KOHA link: | https://koha.lib.tpu.ru/cgi-bin/koha/opac-detail.pl?biblionumber=616262 |
MARC
| LEADER | 00000naa2a2200000 4500 | ||
|---|---|---|---|
| 001 | 616262 | ||
| 005 | 20231101132911.0 | ||
| 035 | |a (RuTPU)RU\TPU\conf\14500 | ||
| 035 | |a RU\TPU\conf\14499 | ||
| 090 | |a 616262 | ||
| 100 | |a 20151221d2015 k y0rusy50 ca | ||
| 101 | 0 | |a rus |d eng | |
| 102 | |a RU | ||
| 105 | |a y z 101zy | ||
| 135 | |a drcn ---uucaa | ||
| 181 | 0 | |a i | |
| 182 | 0 | |a b | |
| 200 | 1 | |a Совершенствование технических средств для разобщения пластов и изоляции межпластовых перетоков. Нефтенабухающие пакера |f И. А. Сугаков |g науч. рук. Ю. А. Максимова | |
| 203 | |a Текст |c электронный | ||
| 225 | 1 | |a Проблемы и перспективы бурения инженерно-геологических, гидрогеологических и эксплуатационных скважин | |
| 230 | |a 1 компьютерный файл (pdf; 614 Кб) | ||
| 300 | |a Заглавие с титульного экрана | ||
| 320 | |a [Библиогр.: с. 660 (4 назв.)] | ||
| 330 | |a Рассмотрена актуальная проблема ликвидации и изоляции заколонных перетоков. В качестве одного из современных технических решений предложено использование нефтенабухающих пакеров. В работе детально рассмотрена их конструкция и принцип действия, приведен опыт применения в различных условиях бурения. Сделаны выводы о перспективах использования данного технического средства. | ||
| 330 | |a Actual problems of the liquidation and the insulation casing flows. As one of the modern technical solutions proposed to use oil-swelable packers . The paper discussed in detail their design and function, given the experience of use in various drilling conditions. The conclusions about the prospects for the use of this technology. | ||
| 337 | |a Adobe Reader | ||
| 463 | 0 | |0 (RuTPU)RU\TPU\conf\14280 |t Современные проблемы гидрогеологии, инженерной геологии и гидрогеоэкологии Евразии |o материалы Всероссийской конференции с международным участием, г. Томск, 23−27 ноября 2015 г. |f Национальный исследовательский Томский политехнический университет (ТПУ) ; под ред. А. Ю. Дмитриева |v [С. 656-660] |d 2015 | |
| 610 | 1 | |a труды учёных ТПУ | |
| 610 | 1 | |a электронный ресурс | |
| 610 | 1 | |a технические средства | |
| 610 | 1 | |a разобщения пластов | |
| 610 | 1 | |a изоляция | |
| 610 | 1 | |a межпластовые перетоки | |
| 610 | 1 | |a пакеры | |
| 700 | 1 | |a Сугаков |b И. А. | |
| 702 | 1 | |a Максимова |b Ю. А. |c специалист в области нефтепромыслового оборудования |c ассистент кафедры Томского политехнического университета |f 1979- |g Юлия Анатольевна |2 stltpush |4 727 | |
| 712 | 0 | 2 | |a Национальный исследовательский Томский политехнический университет (ТПУ) |b Институт природных ресурсов (ИПР) |b Кафедра геологии и разработки нефтяных месторождений (ГРНМ) |h 258 |2 stltpush |3 (RuTPU)RU\TPU\col\18657 |
| 801 | 2 | |a RU |b 63413507 |c 20210224 |g RCR | |
| 856 | 4 | |u http://earchive.tpu.ru/handle/11683/18342 | |
| 856 | 4 | |u http://www.lib.tpu.ru/fulltext/c/2015/C109/123.pdf | |
| 942 | |c BK | ||